000 00937cam a2200241 a 4500
001 000010013
005 20200929161812.0
008 970825s1995 ck 000 f spa d
020 _a9582403063
040 _aDO-SdBNP
_bspa
_cDLC
_dBNPHU
082 _aC863.44
_bM992s
100 1 _aMutis, Álvaro,
_d1923-
_924960
245 1 0 _aSiete novelas :
_bempresas y tribulaciones de Maqroll el Gaviero /
_cMutis.
260 _aBogotá :
_bSantillana ;
_bAlfaguara,
_cc1995.
300 _a717 p. ;
_c24 cm.
505 0 _aLa Nieve del Almirante -- Ilona llega con la lluvia -- Un bel morir -- La última escala del tramp steamer -- Amirbar -- Abdul Bashur, soñador de navíos -- Tríptico de mar y tierra.
500 _aEl segundo y tercer ejemplar son la sexta reimpresión del 2000.
650 4 _aNovela colombiana
_91243
650 4 _aLiteratura colombiana
_91244
910 _aCatalogación por copia / LC
910 _aWM
049 _aBNGR
999 _c9772
_d9772